My Educational Thoughts/ (Record no. 190733)

MARC details
000 -LEADER
fixed length control field 00548 a2200181 4500
005 - DATE AND TIME OF LATEST TRANSACTION
control field 20220803165523.0
010 ## - LCCN (DPL NO)
LC control number ENG-134216
020 ## - INTERNATIONAL STANDARD BOOK NUMBER
Terms of availability 150.00
035 ## - SYSTEM CONTROL NUMBER
System control number EN-117748
037 ## - SOURCE OF ACQUISITION
Source of stock number/acquisition DBAD/PUB
082 ## - DEWEY DECIMAL CLASSIFICATION NUMBER
Classification number 370.1
100 ## - MAIN ENTRY--PERSONAL NAME
Personal name Velchala,Kondal Rao
245 ## - TITLE STATEMENT
Title My Educational Thoughts/
Statement of responsibility, etc by Kondal Rao Velchala
260 ## - PUBLICATION, DISTRIBUTION, ETC. (IMPRINT)
Place of publication, distribution, etc Hyderabad
Name of publisher, distributor, etc Vishwanatha Sahitya Peetam's
Date of publication, distribution, etc 2016
270 ## - ADDRESS
Address 11-4-654/3,Near Niloufer hospital,Red Hills,
City Hyderabad
Postal code 500004
300 ## - PHYSICAL DESCRIPTION
Extent 111p.:
Dimensions 20cm(pbk)
942 ## - ADDED ENTRY ELEMENTS (KOHA)
Institution code [OBSOLETE] dpl
Item type English Books
Source of classification or shelving scheme Dewey Decimal Classification
Classification part 370.1
Call number suffix VEL
Holdings
Withdrawn status Lost status Not for loan Collection code Home library Current library Date acquired Source of acquisition Cost, normal purchase price Full call number Barcode Copy number Cost, replacement price Koha item type
      Non-fiction Bawana Bawana 03/08/2022 DBAD/PUB 150.00 370.1 VEL EN-117748 1 150.00 English Books

© Delhi Public Library
Hit Counter
free hit counter